000 01007nam a2200301 i 4500
001 8822
003 KOSZ 005
005 20200630132819.0
008 070626s1970 pl a f 001 0 pol
015 _aPB 1970/6103
040 _aWA N
_cKOSZ 005/RW
_dKOSZ 005/RW
080 _a513
100 1 _aBorsuk, Karol
_d(1905-1982).
_eAutor
245 1 0 _aPodstawy geometrii /
_cKarol Borsuk, Wanda Szmielew.
250 _aWyd. 2 nowe.
260 _aWarszawa :
_bPaństwowe Wydawnictwo Naukowe,
_c1970.
300 _a375, [1] s. :
_bil., err. ;
_c25 cm.
380 _aKsiążki.
490 1 _aBiblioteka Matematyczna ;
_vt. 10.
504 _aIndeks.
655 4 _aPodręcznik
650 4 _aGeometria
700 1 _aSzmielew, Wanda
_d(1918-1976).
710 2 _aPaństwowe Wydawnictwo Naukowe
_4pbl.
830 0 _aBiblioteka Matematyczna,
_vt. 10.
856 _uhttp://koha.tu.koszalin.pl/cgi-bin/koha/opac-detail.pl?biblionumber=8822
_yKatalog online BPK
942 _2UKD
_cKS
999 _c8822
_d8822